000
00332nam a22001457a 4500
008
210426b ||||| |||| 00| 0 eng d
020
_a
9780804722261
041
_a
eng
080
_2
2nd
_a
316
082
_a
316
100
_a
50
101
_a
SOC
245
_a
New Rules of Sociological Method
_c
Anthony Giddens
942
_2
udc
_c
BK
999
_c
56742
_d
56742